Feeds and nutrition

Wedi'i Gadw mewn:
Manylion Llyfryddiaeth
Prif Awdur: Ensminger, M. E.
Fformat: Llyfr
Iaith:Undetermined
Cyhoeddwyd: Clovis, Calif. The ensminger Pub. 1987
Pynciau:
Tagiau: Ychwanegu Tag
Dim Tagiau, Byddwch y cyntaf i dagio'r cofnod hwn!
Thư viện lưu trữ: Trung tâm Học liệu Trường Đại học Cần Thơ
LEADER 00495nam a2200181Ia 4500
001 CTU_125817
008 210402s9999 xx 000 0 und d
082 |a 636.085 
082 |b E56 
100 |a Ensminger, M. E. 
245 0 |a Feeds and nutrition 
245 0 |c M. E. Ensminger, C. G. Olentine 
260 |a Clovis, Calif. 
260 |b The ensminger Pub. 
260 |c 1987 
650 |a Animal feeding,Feeds 
904 |i Hiếu 
980 |a Trung tâm Học liệu Trường Đại học Cần Thơ